000 00590nam a2200205Ia 4500
008 191130s2010##################000#0#eng##
020 _a9780521280228
022 _a88137115
040 _aACL
_cACL
082 _a928.31 HEL
100 _aHeller, Erich
245 _aThomas Mann, the ironic German
_cby Erich Heller
250 _aRev. ed
260 _aCambridge
_bCambridge University Press
_c2010
300 _a314 p. ; 23 cm
650 _aMann, Thomas, 1875-1955 - Criticism and interpretation
990 _aff8ff838ac10000c3287de3973198876
991 _a133816
999 _c78536
_d78536